000
00203 a2200109 4500
020
_a
9780545007153
041
_a
eng
100
_a
Jeff Bauer
245
_a
Underground Homes
942
_c
BK
952
_7
1
999
_c
18838
_d
18838